[Event "Gatineau Monarque Noir op"]
[Site "Gatineau"]
[Date "2006.01.24"]
[Round "4"]
[White "Pepin, Christian"]
[Black "Forget, David"]
[Result "1/2-1/2"]
[WhiteElo "2067"]
[BlackElo "1955"]
[PlyCount "58"]
[EventDate "2006.01.03"]
[EventType "swiss"]
[EventRounds "7"]
[EventCountry "CAN"]
[SourceTitle "EXT 2007"]
[Source "ChessBase"]
[SourceDate "2006.11.23"]
[SourceVersion "1"]
[SourceVersionDate "2006.11.23"]
[SourceQuality "1"]

1. e4 e6 2. d4 d5 3. exd5 exd5 4. Bd3 Nc6 5. c3 Bd6 6. Qf3 Nf6 7. h3 0-0 8. Bg5 Be7 9. Ne2 Re8 10. Bxf6 Bxf6 11. 0-0 Ne7 12. Re1 Ng6 13. Nd2 Nh4 14. Qg3 Bf5 15. Nf4 Bxd3 16. Rxe8+ Qxe8 17. Nxd5 Qd8 18. Nxf6+ Qxf6 19. Qxd3 Qg5 20. Qg3 Qxd2 21. Qxh4 Qxb2 22. Re1 Qxc3 23. Qf4 Qc6 24. Rc1 Qd6 25. Qxd6 cxd6 26. Rc7 Kf8 27. Kf1 Ke8 28. Ke2 Rd8 29. Rxb7 Rd7 1/2-1/2

[Event "Gatineau Monarque Noir op"]
[Site "Gatineau"]
[Date "2006.01.10"]
[Round "2"]
[White "Szalay, Karoly"]
[Black "Pepin, Christian"]
[Result "1/2-1/2"]
[WhiteElo "1737"]
[BlackElo "2067"]
[PlyCount "54"]
[EventDate "2006.01.03"]
[EventType "swiss"]
[EventRounds "7"]
[EventCountry "CAN"]
[SourceTitle "EXT 2007"]
[Source "ChessBase"]
[SourceDate "2006.11.23"]
[SourceVersion "1"]
[SourceVersionDate "2006.11.23"]
[SourceQuality "1"]

1. e4 c6 2. d4 d5 3. exd5 cxd5 4. Bd3 Nf6 5. Bf4 Nc6 6. c3 Bg4 7. Nf3 e6 8. Nbd2 Bd6 9. Bxd6 Qxd6 10. 0-0 Bh5 11. Re1 Bg6 12. Bxg6 hxg6 13. h3 Qf4 14. Qb3 Rb8 15. Ne5 Nxe5 16. dxe5 Qxd2 17. exf6 0-0 18. fxg7 Rfc8 19. Re3 d4 20. cxd4 Qxd4 21. Rd1 Qf6 22. Rde1 Rc6 23. Re4 Rb6 24. Rb4 Rxb4 25. Qxb4 Kxg7 26. Rd1 b6 27. Rd7 Rd8 1/2-1/2

[Event "St Jean op-A"]
[Site "St Jean sur Richelieu"]
[Date "2005.06.25"]
[Round "2"]
[White "Pepin, Christian"]
[Black "Larochelle, Martial"]
[Result "0-1"]
[WhiteElo "2048"]
[BlackElo "2132"]
[PlyCount "90"]
[EventDate "2005.06.??"]
[EventType "swiss"]
[EventRounds "5"]
[EventCountry "CAN"]
[SourceTitle "EXT 2007"]
[Source "ChessBase"]
[SourceDate "2006.11.23"]
[SourceVersion "1"]
[SourceVersionDate "2006.11.23"]
[SourceQuality "1"]

1. e4 c5 2. Nf3 d6 3. c3 Nf6 4. Qc2 Qc7 5. d4 cxd4 6. Nxd4 a6 7. h3 e6 8. Bd3 Be7 9. 0-0 Nbd7 10. Bg5 Nc5 11. Nd2 Nxd3 12. Qxd3 0-0 13. Qc4 Qd8 14. Rad1 Nxe4 15. Bxe7 Nxd2 16. Bxd8 Nxc4 17. Bc7 Nxb2 18. Rc1 Nc4 19. Nb3 Bd7 20. Na5 Nxa5 21. Bxa5 d5 22. Rfd1 Bb5 23. Rd4 Bc4 24. a4 Rfc8 25. Rb1 b5 26. axb5 Bxb5 27. f3 Bc4 28. Rd2 Rab8 29. Rdb2 Rxb2 30. Rxb2 Bb5 31. Kf2 f6 32. Ke3 Kf7 33. g4 e5 34. h4 Rc4 35. Bb4 g6 36. Ba5 Ke6 37. Kd2 h5 38. Rb4 Rxb4 39. Bxb4 f5 40. gxh5 gxh5 41. Ba5 f4 42. Bc7 Kf5 43. Ke1 e4 44. Kf2 Bc4 45. Ba5 Bb3 0-1